UBT Library

Pavarësia , Gjasa dhe Shpresë (Record no. 60849)

000 -LEADER
fixed length control field 00303nam a22001337a 4500
008 - FIXED-LENGTH DATA ELEMENTS--GENERAL INFORMATION
fixed length control field 260223b ||||| |||| 00| 0 eng d
020 ## - INTERNATIONAL STANDARD BOOK NUMBER
International Standard Book Number 9951050077
041 ## - LANGUAGE CODE
Language code of text/sound track or separate title eng
080 ## - UNIVERSAL DECIMAL CLASSIFICATION NUMBER
Universal Decimal Classification number 2.1
100 ## - Rafti
Rafti 20.1
101 ## - Shkurtesa
Shkurtesa Shqip
245 ## - TITLE STATEMENT
Title Pavarësia , Gjasa dhe Shpresë
Statement of responsibility, etc Fehmi Agani
942 ## - ADDED ENTRY ELEMENTS (KOHA)
Source of classification or shelving scheme
Item type Books
Holdings
Withdrawn status Lost status Source of classification or shelving scheme Damaged status Not for loan Collection code Permanent location Current location Date acquired Total Checkouts Date last seen Price effective from Koha item type Barcode
          Koleksioni i përgjithshem UBT - Lipjan UBT - Lipjan 02/23/2026   02/23/2026 02/23/2026 Books  
          Koleksioni i përgjithshem UBT - Lipjan UBT - Lipjan 02/25/2026   02/25/2026 02/25/2026 Books 002-800070999651
          Koleksioni i përgjithshem UBT - Lipjan UBT - Lipjan 02/25/2026   02/25/2026 02/25/2026 Books 002-800070999652
          Koleksioni i përgjithshem UBT - Lipjan UBT - Lipjan 02/25/2026   02/25/2026 02/25/2026 Books 002-800070999653
          Koleksioni i përgjithshem UBT - Lipjan UBT - Lipjan 02/26/2026   02/26/2026 02/26/2026 Books  
          Koleksioni i përgjithshem UBT - Lipjan UBT - Lipjan 02/26/2026   02/26/2026 02/26/2026 Books 002-800070999358
UBT Library © 2015-2024. All rights reserved University Education for Business and Technology